| 000 | 00648nam a2200205Ii 4500 | ||
|---|---|---|---|
| 003 | JO-AjNU | ||
| 008 | 230605s9999||||xx |||||||||||||| ||und|| | ||
| 040 |
_aJO-AjNU _bara _erda _cJO-AjNU |
||
| 041 | _aara | ||
| 050 | 1 | 4 | _aZ665 1988 |
| 100 | 3 |
_aالبهاوي ، محمد امين , _eauthor _916886 |
|
| 245 | 0 | 0 | _aعلم المكتبات التصنيف العملي |
| 250 | _aط5 | ||
| 264 | 3 | 1 | _aمصر :دار المعارف ،1988 |
| 300 | _a94ص | ||
| 336 |
_atext _btxt _2rdacontent |
||
| 337 |
_aunmediated _bn _2rdamedia |
||
| 338 |
_avolume _bnc _2rdacarrier |
||
| 650 | 4 |
_aعلم المكتبات -التصنيف العملي _916887 |
|
| 999 |
_aA5103 _c8671 _d8671 |
||